000
00328pab a2200133 454500
008
180718b xxu||||| |||| 00| 0 eng d
100
_a
Puri R.K.
245
_a
Mega cities: bane of urbanisation
362
_a
11 Oct 93, p.13
650
_a
Urbanisation
650
_a
Cities and Towns
773
_a
Hindustan Times
909
_a
26052
999
_c
26052
_d
26052